000 01112nam a2200265 i 4500
001 67254
003 ES-MaACL
005 20250806062539.0
007 t|
008 040511s2004 sp ||||1| spa d
080 _a821.134.2 Mesonero Romanos, Ramón de 1.07
080 _a718(460.27 M.)"18"
100 1 _aSaguar Quer, Carlos.
_9101460
245 1 0 _aMesonero Romanos y el otro Madrid :
_blos cementerios /
_cpor Carlos Saguar Quer.
260 _aMadrid :
_bAyuntamiento de Madrid, Concejalía de Gobierno de las Artes :
_bInstituto de Estudios Madrileños,
_c2004.
300 _a78 p. :
_bil. ;
_c21 cm.
490 1 _aCiclo de conferencias: Don Ramón de Mesonero Romanos y su tiempo ;
_v20
500 _aPrecede al tít.: Centro Mesonero Romanos.
600 1 4 _aMesonero Romanos, Ramón de,
_d1803-1882-
_xCrítica e interpretación
_980674
650 1 4 _aCementerios-
_zMadrid-
_yS.XIX.
_910874
710 2 _aInstituto de Estudios Madrileños
_94916
830 1 _aCiclo de conferencias: Don Ramón de Mesonero Romanos y su tiempo ;
_v20
_9183143
852 _aES-MaACL
_j2175-F-23
999 _c67254
_d67254